00420nam a2200145Ia 4500008004100000020001500041041000800056082001900064100002000083245008100103250000600184260005300190300001200243650001900255210716s2005 xx 000 0 und d a8123912412 aeng a574.80285 MOUD aMount, David W. aBioinformatics: sequence and genome analysis.bSequence and genome analysis. a2 aNew DelhibCBS Publishers and Distributorsc2005 axii,692 aBioinformatics